00345nam a2200085Ia 4500008004100000245008200041260000900123300009600132650003100228180130s9999 xx 000 0 und d cClarke, Marilyn; Patrickson, MargaretaHuman resource management in Australia c2014 aBook title: Managing human resources in Asia-Pacific--Acession number C18630; pages 223-241 aPERSONNEL MANAGEMENT--ASIA